El Dios del antiguo testamento
Gespeichert in:
| 1. Verfasser: | |
|---|---|
| Format: | Buch |
| Sprache: | Spanisch |
| Veröffentlicht: |
Madrid
Fundación Santa María
1985
|
| Schriftenreihe: | Cátedra de Teología Contemporánea. Curso El Problema de Dios Hoy, 6
|
| Schlagworte: | |
| Tags: |
Tag hinzufügen
Keine Tags, Fügen Sie den ersten Tag hinzu!
|
MARC
| LEADER | 00000nam a2200000 a 4500 | ||
|---|---|---|---|
| 001 | UCW9260 | ||
| 003 | CL-VaPUC | ||
| 008 | 890106e19850000SP |||||||||||||||||spa|d | ||
| 082 | 0 | 4 | |a 211 |b GAR |2 21 |
| 100 | |a García-Murga Vázquez, José Ramón |e author |9 314372 | ||
| 245 | 1 | 3 | |a El Dios del antiguo testamento |
| 300 | |a 63 p | ||
| 942 | |c BK | ||
| 945 | |d 19890106 00:00:00 | ||
| 260 | |a Madrid |b Fundación Santa María |c 1985 | ||
| 650 | 0 | |a Dios |9 266622 | |
| 650 | 0 | |a Filosofía de la religión |9 256017 | |
| 583 | |a last modification |c 19890106 00:00:00 |k Rodrigo Vera | ||
| 490 | 0 | |a Cátedra de Teología Contemporánea. Curso El Problema de Dios Hoy, 6 | |
| 999 | |c 221280 |d 221278 | ||
| 952 | |0 0 |1 0 |4 0 |6 211_000000000000000_GAR_1985 |7 0 |8 A |9 214445 |a BIBTEO |b BIBTEO |d 2019-11-15 |i 2830353 |o 211 GAR 1985 |p 2830353 |r 2025-01-17 |w 2019-11-15 |y BK |k ICR | ||
| 952 | |0 0 |1 2 |4 0 |6 211_000000000000000_GAR_1985 |7 0 |8 A |9 214446 |a BIBTEO |b BIBTEO |d 2019-11-15 |i 2830361 |o 211 GAR 1985 |p 2830361 |r 2019-11-15 |w 2019-11-15 |x Descarte 2019 |y BK |k ICR | ||